000 00675nam a2200229Ia 4500
003 OSt
005 20260124132945.0
008 210716s2000 xx 000 0 und d
020 _a817722011X
040 _cAIMIT LIBRARY
041 _aeng
082 _a657.47
_bAGAN
100 _aAgrawal, Namrata.
_9252652
245 _aFinancial accounting on computers using tally /
_bBy Namrata Agrawal.
250 _a1st ed.
260 _aNew Delhi :
_bDreamtech Press ,
_c2000.
300 _axii,220 p.;
_bPB
_c25.2 cm.
650 _aComputerised accounting
_9252653
650 _aVouchers
_9252654
650 _aPure inventory vouchers
_9252655
942 _2ddc
_cBK
_k657.47 AGAN
999 _c183747
_d183747